| 000 | 00575nam a2200193 a 4500 | ||
|---|---|---|---|
| 005 | 20231024063642.0 | ||
| 008 | 991125s1942 mx 000 0 spa u | ||
| 035 | _aUPN01000031408 | ||
| 049 | _aLT | ||
| 050 | 4 |
_aLB1589 M6.5 _bG3.3 LE |
|
| 100 | 1 | _aGámiz Olivas, Abel | |
| 245 | 1 | 0 |
_aIniciación en la geometría : _bcuaderno para el quinto año elemental / _cAbel Gámiz |
| 260 |
_aMéxico : _bAguilas, _c1942 |
||
| 300 |
_a69 p. : _bil. |
||
| 650 | 4 |
_aGeometría _xEstudio y enseñanza (Elemental) _94869 |
|
| 904 |
_aAC _b031409 |
||
| 905 | _aLibro | ||
| 999 |
_c31408 _d31408 |
||